Click to Translate - Ukrainian - Statistics

General Stats
  • This quiz has been taken 2,325 times
    1,205 since last reset
  • The average score is 16 of 20
Answer Stats
Hint Answer % Correct
No Ні (Ni)
94%
Water Вода (Voda)
93%
Museum Музей (Muzey)
92%
School Школа (Shkola)
92%
Eye Око (Oko)
89%
Twenty Двадцять (Dvadcjatj)
84%
Apple Яблуко (Yabluko)
84%
Beer Пиво (Pyvo)
83%
Sea Море (More)
82%
Cheese Сир (Syr)
82%
Green Зелений (Zelenyy)
82%
Fish Риба (Ryba)
81%
Eat Їсти (Yisty)
81%
Newspaper Газета (Hazeta)
79%
Here Тут (Tut)
79%
Thursday Четвер (Chetver)
75%
Soon Cкоро (Skoro)
74%
Sky Небо (Nebo)
73%
World Світ (Svit)
71%
House Будинок (Budynok)
68%
No matching quizzes found
Score Distribution
Percent of People with Each Score
Percentile by Number Answered
Your Score History
You have not taken this quiz since the last reset